000 00497nam a2200181Ia 4500
001 17363
005 20260306171512.0
008 260306s9999||||xx |||||||||||||| ||und||
041 _aESP
082 _a657.8
_bE333
100 _aEffio Pereda, Fernando
_eAUT
245 0 _aContabilidad sectorial:
_bcomercial, servicios, industrial, construcción, educación y Amazonía
260 _c2018
300 _a665 páginas :
_c25 cm.
650 _aGEN
654 _aCCO
942 _cLIB
_dJUS
_fJUS
_2ddc
_n
999 _c17363
_d17363